Missing Word: 'M' #1s Quiz Stats

 Plays Quiz Updated Oct 12, 2013

Support Sporcle.
Go Orange.
Score 0/20 Timer 03:00
0 Plays Today
Single Title 'M' Word % Correct
Ain't No ____ High EnoughMountain
95.1%
Got My ____ Set on YouMind
91.7%
I Feel the Earth ____Move
89.2%
I Don't Want to ____ a ThingMiss
87%
It ____ Have Been LoveMust
86.7%
Call Me ____Maybe
84.9%
Man in the ____Mirror
84.4%
The Loco-____Motion
84.2%
____ Train to GeorgiaMidnight
83.9%
The Boy is ____Mine
83.5%
Single Title 'M' Word % Correct
The ____ AfterMorning
82.8%
Monster ____Mash
78.5%
Truly ____ DeeplyMadly
76.3%
____ MayMaggie
67.1%
Lady ____Marmalade
57.9%
____ MakerMoney
57.8%
Bad ____Medicine
34.8%
Love ____ (Part 1)Machine
27.8%
Have You Never Been ____Mellow
25.5%
Set Adrift on ____ BlissMemory
20.5%

Today's Daily Dose

Word Ladder
ING Words

Get the Picture
Nearest Volcano

From the Vault

Bands & Musicians by Song: 'L'

by kfastic

Music 5m
All the classics of rock are here. Led Zeppelin, Lynyrd Skynyrd...Avril Lavigne...
Remove Ads.
Support Sporcle.
Get the best of Sporcle when you Go Orange. This ad-free experience offers more features, more stats, and more fun while also helping to support Sporcle. Thank you for becoming a member.

Show Comments

Extras

Top Quizzes Today


Score Distribution

Your Account Isn't Verified!

In order to create a playlist on Sporcle, you need to verify the email address you used during registration. Go to your Sporcle Settings to finish the process.

Report this User

Report this user for behavior that violates our Community Guidelines.

Details: